| 000 | 00516nam a2200205Ia 4500 | ||
|---|---|---|---|
| 005 | 20251113233500.0 | ||
| 008 | 230125s9999 xx 000 0 und d | ||
| 020 | _a1403-92273-X | ||
| 041 | _aeng | ||
| 082 |
_a158.1 _bKHE |
||
| 100 |
_aKhera S _9214923 |
||
| 245 | _aFreedom is not free | ||
| 260 |
_c2004 _bMacmillan publication _aNew Delhi |
||
| 300 | _a223p | ||
| 500 | _aPersonality Development, | ||
| 650 |
_aPersonality Development _9213420 |
||
| 700 |
_aKhera S _9214923 |
||
| 906 | _b29 | ||
| 942 | _cBK | ||
| 999 |
_c86403 _d86403 |
||